[Event "NAYCC U18"]
[Site "Windsor CAN"]
[Date "2016.08.09"]
[Round "4.2"]
[White "Dorrance, Adam"]
[Black "Niemann, Hans"]
[Result "1/2-1/2"]
[WhiteElo "2254"]
[BlackElo "2298"]
[PlyCount "91"]
[EventDate "2016.08.07"]
[EventType "swiss"]
[EventRounds "9"]
[EventCountry "CAN"]

1. d4 Nf6 2. c4 c5 3. d5 e6 4. Nc3 exd5 5. cxd5 d6 6. g3 g6 7. Bg2 Bg7 8. Nf3
O-O 9. O-O a6 10. a4 Re8 11. Bf4 Nh5 12. Bg5 Bf6 13. Bxf6 Nxf6 14. Nd2 Nbd7 15.
Nc4 Nb6 16. Nxb6 Qxb6 17. a5 Qc7 18. e4 b5 19. axb6 Qxb6 20. Qd2 Rb8 21. Ra2
Bd7 22. Rfa1 a5 23. Rxa5 Qxb2 24. Qxb2 Rxb2 25. Ra6 Rc2 26. Rxd6 Kg7 27. Nd1
Bb5 28. Rb6 Bd3 29. f3 Nxd5 30. Rb2 Nb4 31. Rxc2 Nxc2 32. Rc1 f5 33. Nb2 fxe4
34. fxe4 c4 35. Nxc4 Nd4 36. Nd6 Ne2+ 37. Kh1 Nxc1 38. Nxe8+ Kf7 39. Nc7 Kf6
40. Nd5+ Ke5 41. Kg1 Nb3 42. Kf2 Nc5 43. Ke3 Bxe4 44. Bxe4 Nxe4 45. Nf4 Nf6 46.
Nd3+ 1/2-1/2

[Event "NAYCC U18"]
[Site "Windsor CAN"]
[Date "2016.08.09"]
[Round "4.3"]
[White "Zhu, Hong Rui"]
[Black "Peng, David"]
[Result "0-1"]
[WhiteElo "2232"]
[BlackElo "2283"]
[PlyCount "66"]
[EventDate "2016.08.07"]
[EventType "swiss"]
[EventRounds "9"]
[EventCountry "CAN"]

1. e4 c5 2. Ne2 d6 3. g3 g6 4. Bg2 Bg7 5. c3 Nc6 6. d4 cxd4 7. cxd4 Qb6 8. Nbc3
Nxd4 9. Nd5 Qc5 10. Nxd4 Bxd4 11. Be3 Bxe3 12. fxe3 Qa5+ 13. b4 Qd8 14. Rc1 Kf8
15. Nc7 Bg4 16. Qxg4 Rc8 17. Qxc8 Qxc8 18. O-O Nf6 19. Nd5 Qe6 20. Nxf6 exf6
21. Rc7 Qxa2 22. Rxf6 Kg7 23. Rf2 Qb1+ 24. Rf1 Qb3 25. Kh1 b5 26. Rxa7 Rf8 27.
Rb7 Qxb4 28. h4 Qb3 29. Kh2 Rc8 30. Rf2 b4 31. Re2 Rc3 32. Kh3 Qe6+ 33. Kh2 b3
0-1

[Event "NAYCC U18"]
[Site "Windsor CAN"]
[Date "2016.08.09"]
[Round "4.4"]
[White "Wu, Christopher"]
[Black "Proleiko, Julian"]
[Result "1-0"]
[WhiteElo "2338"]
[BlackElo "2114"]
[PlyCount "153"]
[EventDate "2016.08.07"]
[EventType "swiss"]
[EventRounds "9"]
[EventCountry "CAN"]

1. e4 c6 2. d4 d5 3. e5 Bf5 4. Nf3 e6 5. Be2 Nd7 6. O-O Bg6 7. Nbd2 Nh6 8. Nb3
Nf5 9. Bd2 h5 10. Ba5 b6 11. Bd2 Be7 12. c4 dxc4 13. Bxc4 O-O 14. Rc1 a5 15. a4
Bb4 16. Bg5 Be7 17. Bf4 Qb8 18. Qe2 Qb7 19. Rfd1 Rfb8 20. Bd3 Nf8 21. Be4 Rc8
22. Nbd2 Bb4 23. Bg5 Ne7 24. Nh4 Bxd2 25. Rxd2 Bxe4 26. Qxe4 Nd5 27. Rd3 Nh7
28. Rg3 Nxg5 29. Rxg5 b5 30. Rxh5 bxa4 31. Qh7+ Kf8 32. Qh8+ Ke7 33. Qxg7 Qxb2
34. Rf1 Kd7 35. Qxf7+ Ne7 36. Rh7 Re8 37. Ng6 Qb4 38. h4 a3 39. Nxe7 Rxe7 40.
Qxe7+ Qxe7 41. Rxe7+ Kxe7 42. Ra1 Rd8 43. Rxa3 Rxd4 44. Rxa5 Rxh4 45. Ra7+ Kd8
46. g3 Re4 47. f4 c5 48. Kf2 Rb4 49. Ra5 Rc4 50. Kf3 Ke8 51. Kg4 Rc3 52. Ra7
Kd8 53. Kh4 c4 54. Ra6 Ke7 55. Rc6 Rc1 56. Kg5 c3 57. g4 c2 58. Rc4 Kd7 59. Kf6
Rf1 60. Rxc2 Rxf4+ 61. Kg5 Re4 62. Rc5 Ke7 63. Kh5 Kf7 64. g5 Re1 65. g6+ Kg7
66. Rc7+ Kg8 67. Kh6 Rh1+ 68. Kg5 Rf1 69. Re7 Kf8 70. Rf7+ Rxf7 71. gxf7 Kxf7
72. Kh6 Kf8 73. Kg6 Kg8 74. Kf6 Kf8 75. Kxe6 Ke8 76. Kd6 Kd8 77. e6 1-0

[Event "NAYCC U18"]
[Site "Windsor CAN"]
[Date "2016.08.09"]
[Round "4.6"]
[White "Song, Edward"]
[Black "Doknjas, John"]
[Result "1-0"]
[WhiteElo "2300"]
[BlackElo "2200"]
[PlyCount "53"]
[EventDate "2016.08.07"]
[EventType "swiss"]
[EventRounds "9"]
[EventCountry "CAN"]

1. e4 c5 2. Nf3 d6 3. d4 cxd4 4. Nxd4 Nf6 5. Nc3 a6 6. h3 e6 7. g4 Be7 8. g5
Nfd7 9. Be3 Qc7 10. h4 b5 11. a3 Nb6 12. h5 Nc4 13. Bxc4 Qxc4 14. Qd2 Bd7 15.
O-O-O b4 16. axb4 Qxb4 17. g6 fxg6 18. hxg6 h6 19. Bxh6 gxh6 20. g7 Rg8 21.
Qxh6 Qc5 22. Qg6+ Kd8 23. Rh8 Qg5+ 24. Qxg5 Bxg5+ 25. f4 Bxf4+ 26. Kb1 Ke7 27.
Rxg8 1-0

[Event "NAYCC U18"]
[Site "Windsor CAN"]
[Date "2016.08.09"]
[Round "4.7"]
[White "Li, Ben"]
[Black "Zheng, Andrew"]
[Result "1-0"]
[WhiteElo "2319"]
[BlackElo "2083"]
[PlyCount "61"]
[EventDate "2016.08.07"]
[EventType "swiss"]
[EventRounds "9"]
[EventCountry "CAN"]

1. d4 e6 2. c4 d5 3. Nf3 Nf6 4. Nc3 Bb4 5. Bd2 O-O 6. a3 Be7 7. Bf4 c6 8. e3
Nbd7 9. c5 Nh5 10. Bd3 Nxf4 11. exf4 Qc7 12. g3 f6 13. Qc2 g6 14. h4 f5 15. h5
gxh5 16. Rxh5 b6 17. b4 a5 18. Rd1 axb4 19. axb4 Ba6 20. Bxa6 Rxa6 21. Qe2 Raa8
22. Qxe6+ Kh8 23. Rxh7+ Kxh7 24. Qxe7+ Kg8 25. Ne5 Rae8 26. Qg5+ Kh8 27. Kd2
Nf6 28. Rh1+ Nh7 29. Ng6+ Kg8 30. Ne7+ Kf7 31. Rxh7+ 1-0

[Event "NAYCC U18"]
[Site "Windsor CAN"]
[Date "2016.08.09"]
[Round "4.8"]
[White "Hong, Andrew"]
[Black "Wang, Justin"]
[Result "0-1"]
[WhiteElo "2297"]
[BlackElo "2177"]
[PlyCount "126"]
[EventDate "2016.08.07"]
[EventType "swiss"]
[EventRounds "9"]
[EventCountry "CAN"]

1. e4 e5 2. Nf3 Nc6 3. Bb5 f5 4. d3 fxe4 5. dxe4 Nf6 6. Qd3 Bc5 7. Nc3 Nd4 8.
Bg5 c6 9. Bc4 d5 10. Bb3 Nxb3 11. axb3 d4 12. Ne2 Qe7 13. O-O O-O 14. Nd2 Bg4
15. Nc1 h6 16. Bxf6 Rxf6 17. Qg3 Bh5 18. Nd3 Bd6 19. f3 a6 20. Nc4 Re8 21. Kh1
Bf7 22. Nxd6 Qxd6 23. Ra5 Rg6 24. Qe1 c5 25. Ra4 b5 26. Ra5 Qb6 27. b4 cxb4 28.
Qxb4 Rc6 29. Rc1 Bc4 30. Ne1 h5 31. Raa1 h4 32. Qd2 Rg6 33. Nd3 h3 34. g3 Qc7
35. Ne1 Rf8 36. b3 Bf7 37. Nd3 Be8 38. Rf1 Rgf6 39. Qe2 a5 40. Rad1 a4 41. f4
exf4 42. Nxf4 Bc6 43. Kg1 a3 44. e5 Rf5 45. e6 Qd6 46. e7 Re8 47. Qg4 Bd7 48.
Qf3 Rxe7 49. Qd3 a2 50. Qxd4 Qxd4+ 51. Rxd4 g5 52. Ra1 gxf4 53. Rxf4 Rxf4 54.
gxf4 Rg7+ 55. Kf1 Rg2 56. Rxa2 Rxh2 57. Ra7 Bf5 58. Re7 Rxc2 59. Kg1 Bg4 60.
Re3 Bd7 61. Rg3+ Kf7 62. Rf3 h2+ 63. Kh1 Bc6 0-1

[Event "NAYCC U18"]
[Site "Windsor CAN"]
[Date "2016.08.09"]
[Round "4.9"]
[White "Song, Terry"]
[Black "Han, Joseph"]
[Result "1-0"]
[WhiteElo "2208"]
[BlackElo "2172"]
[PlyCount "77"]
[EventDate "2016.08.07"]
[EventType "swiss"]
[EventRounds "9"]
[EventCountry "CAN"]

1. e4 e5 2. Nf3 Nc6 3. Nc3 Nf6 4. d4 exd4 5. Nd5 Nb4 6. Nxf6+ Qxf6 7. Bc4 d5 8.
Bxd5 Nxd5 9. exd5 Bb4+ 10. Bd2 Qe7+ 11. Qe2 Bc5 12. Qxe7+ Kxe7 13. O-O-O Bg4
14. Rde1+ Kf6 15. Ne5 Bc8 16. g4 Re8 17. g5+ Kf5 18. Nxf7 Bd7 19. f4 Re4 20.
Rxe4 Kxe4 21. Re1+ Kxd5 22. Re5+ Kc6 23. b4 Bf8 24. f5 Re8 25. a3 a5 26. Rxa5
b5 27. f6 Kb6 28. Bf4 gxf6 29. gxf6 Bf5 30. Ne5 c5 31. f7 Rc8 32. a4 bxa4 33.
Nc4+ Kc6 34. b5+ Kd5 35. Nb6+ Ke4 36. Nxc8 Kxf4 37. b6 Be4 38. Rxa4 Bb7 39. Ra7
1-0

[Event "NAYCC U18"]
[Site "Windsor CAN"]
[Date "2016.08.09"]
[Round "4.11"]
[White "Wahl, Jackson"]
[Black "Sheng, Joshua"]
[Result "0-1"]
[WhiteElo "1982"]
[BlackElo "2394"]
[PlyCount "54"]
[EventDate "2016.08.07"]
[EventType "swiss"]
[EventRounds "9"]
[EventCountry "CAN"]

1. d4 Nf6 2. c4 c5 3. d5 e5 4. Nc3 d6 5. g3 Be7 6. Bh3 Nbd7 7. e4 a6 8. f4 b5
9. Qe2 b4 10. Nd1 O-O 11. Nf3 exf4 12. gxf4 Re8 13. O-O Bf8 14. Nf2 Nxe4 15.
Nxe4 Rxe4 16. Qxe4 Nf6 17. Qd3 Bxh3 18. Re1 g6 19. b3 Nh5 20. Bb2 Qd7 21. f5
Bxf5 22. Qe3 Bh3 23. Kf2 Qf5 24. Qe4 Nf4 25. Rad1 Qg4 26. Rg1 Bg2 27. Ke3 Bh6
0-1

[Event "NAYCC U18"]
[Site "Windsor CAN"]
[Date "2016.08.09"]
[Round "4.13"]
[White "Bian, Alex"]
[Black "Yaskolko, Alexander"]
[Result "1-0"]
[WhiteElo "2300"]
[BlackElo "1735"]
[PlyCount "97"]
[EventDate "2016.08.07"]
[EventType "swiss"]
[EventRounds "9"]
[EventCountry "CAN"]

1. e4 c5 2. Nf3 d6 3. d4 cxd4 4. Nxd4 Nf6 5. Nc3 g6 6. Be3 Bg7 7. f3 O-O 8. Qd2
Nc6 9. O-O-O d5 10. Kb1 Nxd4 11. e5 Nf5 12. exf6 Bxf6 13. Nxd5 Qxd5 14. Qxd5
Nxe3 15. Qd2 Nxd1 16. Qxd1 Bf5 17. Bc4 Rfd8 18. Qe2 Rd6 19. Rd1 Rb6 20. b3 a5
21. Qe3 Rc6 22. g4 Bxc2+ 23. Kxc2 b5 24. g5 Bg7 25. Qxe7 bxc4 26. Rd8+ Rxd8 27.
Qxd8+ Bf8 28. Qxa5 cxb3+ 29. Kxb3 Rc5 30. Qd2 Be7 31. f4 Rc8 32. a4 Rb8+ 33.
Kc4 Ra8 34. a5 Bd8 35. Qd5 Rb8 36. a6 Bb6 37. Qd7 Bg1 38. Qc7 Ra8 39. Qb7 Ra7
40. Qb1 Rc7+ 41. Kd5 Ba7 42. Kd6 Rc3 43. Qb7 Rd3+ 44. Kc6 Rc3+ 45. Kd5 Rd3+ 46.
Kc4 Rd4+ 47. Kc3 Bc5 48. Qc8+ Bf8 49. Kxd4 1-0

[Event "NAYCC U18"]
[Site "Windsor CAN"]
[Date "2016.08.09"]
[Round "4.14"]
[White "Karamsetty, Jeevan"]
[Black "Nguyen, Trung"]
[Result "1-0"]
[WhiteElo "2091"]
[BlackElo "2153"]
[PlyCount "95"]
[EventDate "2016.08.07"]
[EventType "swiss"]
[EventRounds "9"]
[EventCountry "CAN"]

1. e4 g6 2. d4 Bg7 3. Nf3 d6 4. c3 Nf6 5. Bd3 Nc6 6. h3 O-O 7. O-O e5 8. dxe5
Nxe5 9. Bc2 Nxf3+ 10. Qxf3 Nd7 11. Qg3 a5 12. a4 Nc5 13. Be3 f5 14. Nd2 Qe7 15.
Bxc5 dxc5 16. f4 fxe4 17. Rae1 Bf5 18. Qe3 Rae8 19. g4 Bd7 20. Bxe4 Kh8 21. Qf2
Qd8 22. Ra1 b6 23. Qg2 Bc8 24. Rad1 Bd7 25. Bc2 Qe7 26. Rf2 Rf6 27. Nf1 Bc6 28.
Qg3 Re6 29. g5 c4 30. f5 gxf5 31. Bxf5 Re5 32. Qg4 Be4 33. Ng3 Bxf5 34. Nxf5
Re1+ 35. Kg2 Qe4+ 36. Qxe4 R1xe4 37. Rd7 Bf8 38. Ng3 R4e5 39. h4 Bc5 40. Rf4
Bd6 41. Rxc4 b5 42. Rg4 bxa4 43. Rxa4 Rb5 44. Ne4 Rxb2+ 45. Kh3 Be5 46. Rxa5
Bg7 47. Rxc7 Rxe4 48. Ra8+ 1-0

[Event "NAYCC U18"]
[Site "Windsor CAN"]
[Date "2016.08.09"]
[Round "4.15"]
[White "Wang, Jalen"]
[Black "Mathews, Jeremy"]
[Result "1-0"]
[WhiteElo "2095"]
[BlackElo "1701"]
[PlyCount "77"]
[EventDate "2016.08.07"]
[EventType "swiss"]
[EventRounds "9"]
[EventCountry "CAN"]

1. e4 e5 2. Nf3 Nc6 3. Bb5 Nge7 4. O-O g6 5. Nc3 Bg7 6. a3 O-O 7. d3 h6 8. Bc4
Kh7 9. b4 a6 10. Nd5 d6 11. h3 f5 12. Bb2 Nxd5 13. Bxd5 Ne7 14. Bb3 g5 15. exf5
Bxf5 16. Nh2 Ng6 17. Bd5 c6 18. Be4 Qd7 19. Ng4 Nh4 20. Ne3 Kh8 21. Nxf5 Nxf5
22. Bf3 Rae8 23. Bg4 d5 24. Re1 Qc7 25. c4 Qb6 26. Qd2 dxc4 27. dxc4 Rd8 28.
Qc2 Nd4 29. Bxd4 exd4 30. Qd3 Qc7 31. Re2 Rde8 32. Rae1 Rxe2 33. Rxe2 Qf4 34.
g3 Qc1+ 35. Kg2 Qc3 36. Qg6 d3 37. Re3 Qd2 38. Bf5 Rxf5 39. Qxf5 1-0

[Event "NAYCC U18"]
[Site "Windsor CAN"]
[Date "2016.08.09"]
[Round "4.16"]
[White "Li, Yinshi"]
[Black "Sowa, Aidan"]
[Result "1-0"]
[WhiteElo "2138"]
[BlackElo "1910"]
[PlyCount "81"]
[EventDate "2016.08.07"]
[EventType "swiss"]
[EventRounds "9"]
[EventCountry "CAN"]

1. d4 d5 2. c4 Nc6 3. cxd5 Qxd5 4. Nf3 e5 5. Nc3 Bb4 6. Bd2 Bxc3 7. Bxc3 e4 8.
Ne5 Nxe5 9. dxe5 Be6 10. Qa4+ c6 11. e3 Ne7 12. Qb4 b5 13. a3 a5 14. Qd6 Qxd6
15. exd6 Nf5 16. O-O-O Bd5 17. Bxb5 Nxd6 18. Rxd5 Nxb5 19. Re5+ Kd7 20. Rd1+
Kc7 21. Re7+ Kb6 22. Rxf7 Nxc3 23. bxc3 Rhf8 24. Rdd7 Rad8 25. Kc2 Kc5 26. Rde7
Rde8 27. Rd7 Rd8 28. f3 Rxd7 29. Rxf8 Rd3 30. Re8 Rxe3 31. Rxe4 Rxe4 32. fxe4
Kc4 33. a4 c5 34. Kd2 g5 35. g4 Kb3 36. e5 Kxa4 37. e6 Kb3 38. e7 a4 39. e8=Q
a3 40. Qb5+ Ka2 41. Kc2 1-0

[Event "NAYCC U18"]
[Site "Windsor CAN"]
[Date "2016.08.09"]
[Round "5.1"]
[White "Grabinsky, Aaron"]
[Black "Peng, David"]
[Result "1/2-1/2"]
[WhiteElo "2312"]
[BlackElo "2283"]
[PlyCount "67"]
[EventDate "2016.08.07"]
[EventType "swiss"]
[EventRounds "9"]
[EventCountry "CAN"]

1. e4 c5 2. Nf3 d6 3. d4 cxd4 4. Nxd4 Nf6 5. Nc3 Nc6 6. Be2 g6 7. Be3 Bg7 8.
Qd2 O-O 9. O-O-O Ng4 10. Bxg4 Bxg4 11. f3 Bd7 12. Nxc6 bxc6 13. Bd4 Qa5 14.
Bxg7 Kxg7 15. h4 h5 16. Qg5 Qxg5+ 17. hxg5 Rfd8 18. Rhe1 Rab8 19. Rd4 c5 20.
Rd2 Bc6 21. Nd5 Bxd5 22. exd5 Kf8 23. Re4 Rb4 24. c4 Rbb8 25. Rf2 Rd7 26. Re3
a5 27. g4 hxg4 28. fxg4 Kg7 29. Rh2 Rh8 30. Rxh8 Kxh8 31. Ra3 Ra7 32. Kd2 Kg7
33. Rb3 f6 34. gxf6+ 1/2-1/2

[Event "NAYCC U18"]
[Site "Windsor CAN"]
[Date "2016.08.09"]
[Round "5.3"]
[White "Niemann, Hans"]
[Black "Wu, Christopher"]
[Result "1/2-1/2"]
[WhiteElo "2298"]
[BlackElo "2338"]
[PlyCount "63"]
[EventDate "2016.08.07"]
[EventType "swiss"]
[EventRounds "9"]
[EventCountry "CAN"]

1. d4 Nf6 2. c4 e6 3. Nc3 Bb4 4. Bg5 c5 5. d5 d6 6. e3 exd5 7. cxd5 Nbd7 8. Bb5
Qa5 9. Bxd7+ Nxd7 10. Nge2 f6 11. Bf4 Ne5 12. O-O O-O 13. a3 Bxc3 14. Nxc3 b5
15. b4 cxb4 16. axb4 Qxb4 17. Qd4 Qxd4 18. exd4 b4 19. Nb5 Nf7 20. Nxa7 Re8 21.
Bd2 b3 22. Nxc8 Raxc8 23. Rab1 Rc2 24. Bc1 Rb8 25. Re1 g5 26. Kf1 Rb5 27. Be3
Rc3 28. Rb2 Rxd5 29. Reb1 Rb5 30. Ke2 d5 31. Kd2 Rc6 32. Rxb3 1/2-1/2

[Event "NAYCC U18"]
[Site "Windsor CAN"]
[Date "2016.08.09"]
[Round "5.4"]
[White "Dorrance, Adam"]
[Black "Song, Edward"]
[Result "1/2-1/2"]
[WhiteElo "2254"]
[BlackElo "2300"]
[PlyCount "145"]
[EventDate "2016.08.07"]
[EventType "swiss"]
[EventRounds "9"]
[EventCountry "CAN"]

1. d4 d5 2. c4 c6 3. Nf3 Nf6 4. Qb3 dxc4 5. Qxc4 Bg4 6. Nbd2 Nbd7 7. g3 e6 8.
Bg2 Bd6 9. b3 O-O 10. O-O Qe7 11. Qc2 e5 12. Nc4 Bxf3 13. exf3 exd4 14. Bb2 Bc5
15. Rfe1 Qd8 16. Rad1 Qc7 17. Bxd4 Bxd4 18. Rxd4 Nb6 19. Red1 Nxc4 20. Qxc4
Rad8 21. f4 Qb6 22. b4 Rfe8 23. Rxd8 Rxd8 24. Rxd8+ Qxd8 25. b5 cxb5 26. Qxb5
b6 27. Bf3 h6 28. h4 Qd7 29. Qe5 Qa4 30. Qe2 Qa3 31. Kg2 Qa4 32. Qd2 Qd7 33.
Qe2 Ne8 34. Qe5 Nc7 35. a3 Ne8 36. Qb8 Kf8 37. Qa8 a5 38. Bc6 Qe6 39. Qb7 Qe7
40. Qxb6 Qxa3 41. Qd8 Qe7 42. Qxa5 Nc7 43. Qb6 Ne6 44. Bd5 Nd8 45. Qe3 Qd7 46.
Qe5 Qe7 47. h5 Qd7 48. Qe4 Qd6 49. g4 Qe7 50. Qh7 Qf6 51. Qe4 Qe7 52. Qf5 Qd6
53. g5 Ke7 54. Qe4+ Kf8 55. g6 f6 56. Kg3 Qa3+ 57. Kh2 Qc5 58. Kg3 Qa3+ 59. Qe3
Qd6 60. Ba2 Qb4 61. Qd3 Ke8 62. Qd5 Qa3+ 63. Kg2 Qb4 64. Bc4 Qb7 65. Kf3 Ke7
66. Ke4 Qxd5+ 67. Bxd5 Ne6 68. Bxe6 Kxe6 69. Ke3 Ke7 70. Kd4 Kd6 71. f3 Kc6 72.
Kc4 Kd6 73. Kd4 1/2-1/2

[Event "NAYCC U18"]
[Site "Windsor CAN"]
[Date "2016.08.09"]
[Round "5.5"]
[White "Wang, Justin"]
[Black "Li, Ben"]
[Result "1-0"]
[WhiteElo "2177"]
[BlackElo "2319"]
[PlyCount "149"]
[EventDate "2016.08.07"]
[EventType "swiss"]
[EventRounds "9"]
[EventCountry "CAN"]

1. e4 e5 2. Nf3 Nc6 3. Bb5 a6 4. Ba4 Nf6 5. d3 Bc5 6. O-O d6 7. c3 O-O 8. Bg5
b5 9. Bc2 h6 10. Bh4 g5 11. Bg3 Bg4 12. Nbd2 Bb6 13. a4 Ne7 14. Qe1 Nh5 15. Kh1
Ng6 16. Ng1 Ngf4 17. f3 Be6 18. Bf2 c5 19. g3 Ng6 20. Be3 Rb8 21. Ne2 d5 22.
axb5 d4 23. Bf2 axb5 24. Rg1 Kh8 25. cxd4 cxd4 26. Bb3 Ba5 27. Nc1 Rc8 28. Bd1
Ng7 29. Qe2 Re8 30. Ndb3 Bb4 31. Be1 Bxe1 32. Rxe1 f5 33. Qd2 Qd6 34. Na5 Rf8
35. b4 fxe4 36. dxe4 Bc4 37. Nb7 Qe7 38. Nc5 Ne6 39. N1d3 Nxc5 40. Nxc5 Rc6 41.
Be2 Qf7 42. Rf1 Rf6 43. Nd3 Qe7 44. Kg2 Kh7 45. Nc5 Qf7 46. Nd3 Re8 47. Nc5 Nf8
48. Nd3 Kg7 49. Nc5 Ne6 50. Nd3 Nd8 51. Nc5 Nb7 52. Ra7 Re7 53. Nd3 Nd6 54.
Nxe5 Rxa7 55. Nxf7 Ra2 56. Qxa2 Bxa2 57. Nxd6 Rxd6 58. Rd1 Bc4 59. Kf2 d3 60.
Rd2 Kf6 61. Bf1 Rc6 62. Ke3 Be6 63. Bxd3 Rc3 64. Kd4 Rb3 65. e5+ Kf7 66. Kc5
Bc4 67. Bxc4+ bxc4 68. Kxc4 Rxf3 69. b5 Ke6 70. b6 Kxe5 71. b7 Rf8 72. Rb2 Rb8
73. Kc5 h5 74. Kc6 h4 75. Kc7 1-0

[Event "NAYCC U18"]
[Site "Windsor CAN"]
[Date "2016.08.09"]
[Round "5.6"]
[White "Proleiko, Julian"]
[Black "Zhu, Hong Rui"]
[Result "0-1"]
[WhiteElo "2114"]
[BlackElo "2232"]
[PlyCount "83"]
[EventDate "2016.08.07"]
[EventType "swiss"]
[EventRounds "9"]
[EventCountry "CAN"]

1. d4 d5 2. c4 e6 3. Nf3 c6 4. g3 Bd6 5. Bg2 f5 6. O-O Nf6 7. Bf4 Bxf4 8. gxf4
O-O 9. Ne5 b6 10. Nc3 Bb7 11. b4 dxc4 12. Nxc4 Nd5 13. Nxd5 cxd5 14. Ne5 Nc6
15. Nxc6 Bxc6 16. Qd3 Qd7 17. Rfc1 Rfc8 18. Kh1 Bb5 19. Qe3 Kf7 20. Rg1 Rc2 21.
Bf3 g6 22. Rg3 Qd6 23. a4 Bd7 24. a5 b5 25. Rh3 Kg8 26. Rg1 Rac8 27. Bh5 Be8
28. Qg3 Rc1 29. Rxc1 Rxc1+ 30. Kg2 Qxb4 31. Qe3 Rc6 32. Bf3 Qd6 33. Rg3 Kf7 34.
h4 Qc7 35. h5 Rc3 36. Qd2 Kg7 37. Qd1 b4 38. Qh1 b3 39. hxg6 Bxg6 40. e3 Rc1
41. Qh4 b2 42. Bh5 0-1

[Event "NAYCC U18"]
[Site "Windsor CAN"]
[Date "2016.08.09"]
[Round "5.8"]
[White "Sheng, Joshua"]
[Black "Graif, William"]
[Result "1/2-1/2"]
[WhiteElo "2394"]
[BlackElo "2095"]
[PlyCount "75"]
[EventDate "2016.08.07"]
[EventType "swiss"]
[EventRounds "9"]
[EventCountry "CAN"]

1. d4 Nf6 2. Nc3 d5 3. Bf4 Bf5 4. f3 c5 5. e4 dxe4 6. d5 a6 7. Qe2 exf3 8. Nxf3
b5 9. O-O-O b4 10. Na4 Qa5 11. b3 Bd7 12. Ne5 Bxa4 13. Nc4 Bb5 14. Nxa5 Bxe2
15. Bxe2 Nbd7 16. Rhe1 Nb6 17. Bf3 O-O-O 18. c4 bxc3 19. Be2 Rxd5 20. Bxa6+ Kd7
21. Nc4 Nxc4 22. Bb5+ Kc8 23. bxc4 Rd4 24. Be5 Rd2 25. Ba6+ Kd7 26. Bxc3 Rxd1+
27. Rxd1+ Kc6 28. a4 g6 29. Bb5+ Kb7 30. a5 Bh6+ 31. Kc2 Ra8 32. a6+ Kb6 33.
Ra1 Bf4 34. Ba5+ Ka7 35. Bc6 Rg8 36. Bb7 Bd6 37. Kb3 Re8 38. Rd1 1/2-1/2

[Event "NAYCC U18"]
[Site "Windsor CAN"]
[Date "2016.08.09"]
[Round "5.10"]
[White "Zheng, Andrew"]
[Black "Bian, Alex"]
[Result "1-0"]
[WhiteElo "2083"]
[BlackElo "2300"]
[PlyCount "67"]
[EventDate "2016.08.07"]
[EventType "swiss"]
[EventRounds "9"]
[EventCountry "CAN"]

1. d4 Nf6 2. c4 e6 3. Nc3 c5 4. d5 exd5 5. cxd5 d6 6. Nf3 g6 7. e4 Bg7 8. Be2
O-O 9. O-O Nbd7 10. Nd2 a6 11. a4 Rb8 12. f4 Ne8 13. Nf3 Nc7 14. Kh1 Re8 15. e5
dxe5 16. fxe5 Nxe5 17. Bf4 Nxf3 18. Bxf3 Be5 19. Qd2 b5 20. axb5 Nxb5 21. Bxe5
Rxe5 22. Ne4 Qb6 23. Qh6 f5 24. Ng5 Rb7 25. Rae1 Qf6 26. d6 Rg7 27. Bd5+ Kh8
28. Rxe5 Qxe5 29. Nxh7 Qxh2+ 30. Kxh2 Rxh7 31. Qxh7+ Kxh7 32. Rc1 f4 33. Rxc5
Bf5 34. Rxb5 1-0

[Event "NAYCC U18"]
[Site "Windsor CAN"]
[Date "2016.08.09"]
[Round "5.11"]
[White "Doknjas, John"]
[Black "Karamsetty, Jeevan"]
[Result "1-0"]
[WhiteElo "2200"]
[BlackElo "2091"]
[PlyCount "113"]
[EventDate "2016.08.07"]
[EventType "swiss"]
[EventRounds "9"]
[EventCountry "CAN"]

1. d4 d5 2. c4 c6 3. Nf3 Nf6 4. Qc2 e6 5. Nbd2 Bb4 6. g3 Nbd7 7. Bg2 Qe7 8. O-O
Bxd2 9. Bxd2 Ne4 10. Bf4 g5 11. Bc1 f5 12. b3 O-O 13. Ne1 Qg7 14. Bb2 g4 15. f3
Nef6 16. Nd3 Re8 17. Qd2 Nf8 18. cxd5 cxd5 19. Rac1 b6 20. Qf4 Ng6 21. Qd6 Ba6
22. Rc7 Re7 23. Rxe7 Qxe7 24. Qxe7 Nxe7 25. Nf4 Rc8 26. Rc1 Rxc1+ 27. Bxc1 Kf7
28. Bb2 Nc6 29. Bc3 Ke7 30. Kf2 Kd6 31. Ke3 Bc8 32. Nd3 a5 33. Ne5 gxf3 34.
exf3 Ne8 35. Nxc6 Kxc6 36. Bf1 Nd6 37. Kf4 Nf7 38. g4 fxg4 39. fxg4 Kd6 40. g5
Nh8 41. Bd3 Ng6+ 42. Kg3 Ke7 43. h4 Kf7 44. h5 Nf8 45. Kf4 Ke7 46. Bb2 Kf7 47.
Ba3 h6 48. gxh6 Nd7 49. Kg5 Kg8 50. Bd6 Nf8 51. Kf6 Nh7+ 52. Ke7 Ng5 53. Bg6
Nf3 54. h7+ Kg7 55. h6+ Kh8 56. Kf8 e5 57. Be7 1-0

[Event "NAYCC U18"]
[Site "Windsor CAN"]
[Date "2016.08.09"]
[Round "5.12"]
[White "Han, Joseph"]
[Black "Li, Ethan"]
[Result "1/2-1/2"]
[WhiteElo "2172"]
[BlackElo "2321"]
[PlyCount "31"]
[EventDate "2016.08.07"]
[EventType "swiss"]
[EventRounds "9"]
[EventCountry "CAN"]

1. e4 d5 2. exd5 Qxd5 3. Nf3 Bg4 4. Be2 Nc6 5. d4 O-O-O 6. Be3 e5 7. c4 Qa5+ 8.
Bd2 Qa6 9. d5 Bxf3 10. Bxf3 Nd4 11. Be2 Qg6 12. O-O Nc2 13. Bh5 Qd3 14. Be2 Qg6
15. Bh5 Qd3 16. Be2 1/2-1/2

[Event "NAYCC U18"]
[Site "Windsor CAN"]
[Date "2016.08.09"]
[Round "5.13"]
[White "Dommalapati, Abhinay"]
[Black "Hong, Andrew"]
[Result "0-1"]
[WhiteElo "1832"]
[BlackElo "2297"]
[PlyCount "60"]
[EventDate "2016.08.07"]
[EventType "swiss"]
[EventRounds "9"]
[EventCountry "CAN"]

1. d4 d5 2. c4 e6 3. Nc3 c6 4. e3 Nf6 5. Nf3 Nbd7 6. Bd3 dxc4 7. Bxc4 b5 8. Bd3
a6 9. O-O c5 10. a3 Bb7 11. Re1 Qc7 12. e4 cxd4 13. Nxd4 Bd6 14. h3 O-O 15.
Bxb5 axb5 16. Ndxb5 Bh2+ 17. Kh1 Qb8 18. g3 Bxg3 19. fxg3 Qxg3 20. Re3 Qh4 21.
Nd6 Bc6 22. b4 Rad8 23. Qe1 Qh5 24. Nc4 Nxe4 25. Nxe4 Nf6 26. Kh2 Ng4+ 27. Kg1
Nxe3 28. Qxe3 Qg6+ 29. Ng5 Rd1+ 30. Kf2 Qf6+ 0-1

[Event "NAYCC U18"]
[Site "Windsor CAN"]
[Date "2016.08.09"]
[Round "5.14"]
[White "Li, Yinshi"]
[Black "Guo, Arthur"]
[Result "1/2-1/2"]
[WhiteElo "2138"]
[BlackElo "2155"]
[PlyCount "92"]
[EventDate "2016.08.07"]
[EventType "swiss"]
[EventRounds "9"]
[EventCountry "CAN"]

1. Nf3 Nf6 2. c4 e6 3. Nc3 d5 4. d4 Be7 5. Bg5 O-O 6. e3 h6 7. Bh4 c6 8. Bd3
Nbd7 9. O-O a6 10. c5 Ne8 11. Bg3 f5 12. Ne5 Nxe5 13. Bxe5 Bf6 14. Ne2 Qe7 15.
Qc2 Bd7 16. b4 Bxe5 17. dxe5 Nc7 18. f4 a5 19. a3 Na6 20. Rfb1 axb4 21. Bxa6
Rxa6 22. axb4 Rfa8 23. Qc3 Qe8 24. Nd4 R8a7 25. Nb3 Ra3 26. Rxa3 Rxa3 27. Ra1
Qa8 28. Qc1 Ra4 29. Na5 Rxb4 30. Nxc6 Ra4 31. Rxa4 Qxa4 32. Nd4 Kf7 33. h3 Qb4
34. c6 bxc6 35. Nxc6 Qc4 36. Qxc4 dxc4 37. Nd4 h5 38. h4 c3 39. Kf2 Bb5 40. Ke1
Bd3 41. Kd1 Ke7 42. g3 Kd7 43. Kc1 g6 44. Kd1 Ke7 45. Kc1 Kd7 46. Kd1 Kc7
1/2-1/2

[Event "NAYCC U18"]
[Site "Windsor CAN"]
[Date "2016.08.09"]
[Round "5.15"]
[White "Yaskolko, Alexander"]
[Black "Nguyen, Trung"]
[Result "0-1"]
[WhiteElo "1735"]
[BlackElo "2153"]
[PlyCount "50"]
[EventDate "2016.08.07"]
[EventType "swiss"]
[EventRounds "9"]
[EventCountry "CAN"]

1. e4 g6 2. d4 Bg7 3. f4 c5 4. Nf3 cxd4 5. Nxd4 d6 6. Nc3 Nc6 7. Be3 Nf6 8. h3
O-O 9. Qd2 Nxd4 10. Bxd4 e5 11. Be3 exf4 12. Bxf4 Nxe4 13. Nxe4 Re8 14. O-O-O
Rxe4 15. Qxd6 Qxd6 16. Bxd6 Be6 17. b3 Rc8 18. h4 Bg4 19. Rd3 Re1+ 20. Kd2 Bc3+
21. Rxc3 Rd1+ 22. Ke3 Rxc3+ 23. Kf4 Rxd6 24. Kxg4 Rd4+ 25. Kg5 Kg7 0-1